00241 a2200121 4500001000700000020000600007040001100013100002100024240003100045245002600076300000800102362000900110187873 a  cMagnum aVeiga, José J.10aA hora dos ruminanteslpor10aA hora dos ruminantes a1020 a1983